000
00205 a2200097 4500
001
47614
100
_a
Verney G.L
245
_a
The desert rats
260
_a
London
_b
Hutchinson
_c
090
_c
30627
_d
30627
942
_a
NUST-CAE
_c
M
_c
22922
999
_c
282687
_d
282687